<?xml version='1.0' encoding='UTF-8'?>
  <record xmlns="http://www.loc.gov/MARC21/slim">
    <leader>00000cam a2200000 a 4500</leader>
    <controlfield tag="001">ocm12892841</controlfield>
    <controlfield tag="003">OCoLC</controlfield>
    <controlfield tag="005">20250726024111.6</controlfield>
    <controlfield tag="008">851211s1902    gw            000 0 ger d</controlfield>
    <datafield tag="010" ind1=" " ind2=" ">
      <subfield code="a">   05005757 </subfield>
    </datafield>
    <datafield tag="040" ind1=" " ind2=" ">
      <subfield code="a">EQO</subfield>
      <subfield code="b">eng</subfield>
      <subfield code="c">EQO</subfield>
      <subfield code="d">OCL</subfield>
      <subfield code="d">OCLCG</subfield>
      <subfield code="d">OCLCQ</subfield>
      <subfield code="d">EYM</subfield>
      <subfield code="d">EUM</subfield>
      <subfield code="d">GBVCP</subfield>
      <subfield code="d">OCLCO</subfield>
      <subfield code="d">OCLCQ</subfield>
      <subfield code="d">OCLCA</subfield>
      <subfield code="d">OCLCF</subfield>
      <subfield code="d">OCLCO</subfield>
      <subfield code="d">OCLCQ</subfield>
      <subfield code="d">OCL</subfield>
      <subfield code="d">OCLCO</subfield>
      <subfield code="d">OCLCQ</subfield>
      <subfield code="d">SHS</subfield>
      <subfield code="d">SNN</subfield>
      <subfield code="d">OCLCQ</subfield>
      <subfield code="d">QGJ</subfield>
      <subfield code="d">OCLCQ</subfield>
      <subfield code="d">OCLCO</subfield>
      <subfield code="d">OCLCL</subfield>
      <subfield code="d">OCLCQ</subfield>
      <subfield code="d">OCLCL</subfield>
    </datafield>
    <datafield tag="019" ind1=" " ind2=" ">
      <subfield code="a">67604119</subfield>
      <subfield code="a">903398955</subfield>
    </datafield>
    <datafield tag="029" ind1="1" ind2=" ">
      <subfield code="a">NLGGC</subfield>
      <subfield code="b">036132276</subfield>
    </datafield>
    <datafield tag="029" ind1="1" ind2=" ">
      <subfield code="a">ZWZ</subfield>
      <subfield code="b">046224505</subfield>
    </datafield>
    <datafield tag="035" ind1=" " ind2=" ">
      <subfield code="a">(OCoLC)12892841</subfield>
      <subfield code="z">(OCoLC)67604119</subfield>
      <subfield code="z">(OCoLC)903398955</subfield>
    </datafield>
    <datafield tag="050" ind1="0" ind2="4">
      <subfield code="a">PE25</subfield>
      <subfield code="b">.B6 vol. 8</subfield>
    </datafield>
    <datafield tag="082" ind1="0" ind2="4">
      <subfield code="a">820.8</subfield>
      <subfield code="b">B71, v.8</subfield>
      <subfield code="1">https://id.oclc.org/worldcat/ddc/E3k9FqW4xRWbkYYxcrpJ8VbW8Q</subfield>
    </datafield>
    <datafield tag="084" ind1=" " ind2=" ">
      <subfield code="a">7,24</subfield>
      <subfield code="2">ssgn</subfield>
    </datafield>
    <datafield tag="100" ind1="1" ind2=" ">
      <subfield code="a">Krämer, Ernst Erwin,</subfield>
      <subfield code="d">1874-</subfield>
    </datafield>
    <datafield tag="245" ind1="1" ind2="4">
      <subfield code="a">Die Altenglischen Metra des Boetius /</subfield>
      <subfield code="c">von Ernst Krämer.</subfield>
    </datafield>
    <datafield tag="260" ind1=" " ind2=" ">
      <subfield code="a">Bonn :</subfield>
      <subfield code="b">P. Hanstein,</subfield>
      <subfield code="c">1902.</subfield>
    </datafield>
    <datafield tag="300" ind1=" " ind2=" ">
      <subfield code="a">149 pages ;</subfield>
      <subfield code="c">22 cm</subfield>
    </datafield>
    <datafield tag="336" ind1=" " ind2=" ">
      <subfield code="a">text</subfield>
      <subfield code="b">txt</subfield>
      <subfield code="2">rdacontent</subfield>
    </datafield>
    <datafield tag="337" ind1=" " ind2=" ">
      <subfield code="a">unmediated</subfield>
      <subfield code="b">n</subfield>
      <subfield code="2">rdamedia</subfield>
    </datafield>
    <datafield tag="338" ind1=" " ind2=" ">
      <subfield code="a">volume</subfield>
      <subfield code="b">nc</subfield>
      <subfield code="2">rdacarrier</subfield>
    </datafield>
    <datafield tag="490" ind1="1" ind2=" ">
      <subfield code="a">Bonner Beiträge zur Anglistik ;</subfield>
      <subfield code="v">Heft 8</subfield>
    </datafield>
    <datafield tag="504" ind1=" " ind2=" ">
      <subfield code="a">"Bisherige ausgaben der Metra": pages 38-39</subfield>
    </datafield>
    <datafield tag="600" ind1="0" ind2="0">
      <subfield code="a">Boethius,</subfield>
      <subfield code="d">-524.</subfield>
      <subfield code="t">De consolatione philosophiae.</subfield>
    </datafield>
    <datafield tag="600" ind1="0" ind2="0">
      <subfield code="a">Alfred,</subfield>
      <subfield code="c">King of England,</subfield>
      <subfield code="d">849-899</subfield>
      <subfield code="v">Translations.</subfield>
    </datafield>
    <datafield tag="650" ind1=" " ind2="0">
      <subfield code="a">English language</subfield>
      <subfield code="y">Old English, ca. 450-1100</subfield>
      <subfield code="x">Versification.</subfield>
    </datafield>
    <datafield tag="650" ind1=" " ind2="6">
      <subfield code="a">Anglais (Langue)</subfield>
      <subfield code="y">ca 450-1100 (Vieil anglais)</subfield>
      <subfield code="x">Versification.</subfield>
    </datafield>
    <datafield tag="600" ind1="0" ind2="7">
      <subfield code="a">Alfred,</subfield>
      <subfield code="c">King of England,</subfield>
      <subfield code="d">849-899</subfield>
      <subfield code="2">fast</subfield>
      <subfield code="0">(OCoLC)fst00055879</subfield>
      <subfield code="1">https://id.oclc.org/worldcat/entity/E39PBJyh8Xrr3FbhcMwKxBVDMP</subfield>
    </datafield>
    <datafield tag="630" ind1="0" ind2="7">
      <subfield code="a">De consolatione philosophiae (Boethius)</subfield>
      <subfield code="2">fast</subfield>
      <subfield code="0">(OCoLC)fst01357455</subfield>
    </datafield>
    <datafield tag="650" ind1=" " ind2="7">
      <subfield code="a">English language</subfield>
      <subfield code="x">Old English</subfield>
      <subfield code="x">Versification.</subfield>
      <subfield code="2">fast</subfield>
      <subfield code="0">(OCoLC)fst01711330</subfield>
    </datafield>
    <datafield tag="655" ind1=" " ind2="7">
      <subfield code="a">Translations.</subfield>
      <subfield code="2">fast</subfield>
      <subfield code="0">(OCoLC)fst01423791</subfield>
    </datafield>
    <datafield tag="758" ind1=" " ind2=" ">
      <subfield code="i">has work:</subfield>
      <subfield code="a">Die Altenglischen Metra des Boetius (Text)</subfield>
      <subfield code="1">https://id.oclc.org/worldcat/entity/E39PCGTGFhWMCgxDwdQmyVDRfC</subfield>
      <subfield code="4">https://id.oclc.org/worldcat/ontology/hasWork</subfield>
    </datafield>
    <datafield tag="776" ind1="0" ind2="8">
      <subfield code="i">Online version:</subfield>
      <subfield code="a">Krämer, Ernst Erwin, 1874-</subfield>
      <subfield code="t">Altenglischen Metra des Boetius.</subfield>
      <subfield code="d">Bonn : P. Hanstein, 1902</subfield>
      <subfield code="w">(OCoLC)903408734</subfield>
    </datafield>
    <datafield tag="830" ind1=" " ind2="0">
      <subfield code="a">Bonner Beiträge zur Anglistik ;</subfield>
      <subfield code="v">Heft 8.</subfield>
    </datafield>
  </record>